000 00717nam a2200217Ia 4500
008 130821s1993 mx gr spa
020 _a9682301343
040 _aCo-BoUCM
_bspa
041 _aspa
100 _aBarros de Castro, Antonio
245 _aIntroducción a la economía. Un enfoque estructuralista
_cPor Antonio Barros de Castro y Carlos Francisco Lessa
250 _a51a. ed.
260 _aMéxico D.F. (México)
_bSiglo Veintiuno Editores
_c1993
300 _a164 páginas
504 _aIncluye índices
650 0 4 _aEconomía
_9174
650 0 4 _aFilosofía
_975
650 0 4 _aSistemas económicos
_924652
942 _cLIBRO
_a7
_e51
_mB17
_2DEWEY
_h330
999 _c2397
_d2397